[Event "Herforder SV Königsspringer 1 - Ratinge"]
[Site "NRW-Klasse, Gruppe 2 2015/201"]
[Date "2015.11.22"]
[Round "3.8"]
[White "Buddensiek, Uwe"]
[Black "Probst, Andreas"]
[Result "0-1"]
[WhiteElo "2048"]
[BlackElo "2074"]
[PlyCount "62"]
[EventDate "2015.??.??"]
[WhiteTeam "Herforder SV Königsspringer 1"]
[BlackTeam "Ratinger SK 1"]

1. d4 Nf6 2. c4 g6 3. Nc3 Bg7 4. e4 d6 5. f3 O-O 6. Bg5 h6 7. Be3 e5 8. d5 c6
9. Qd2 cxd5 10. cxd5 h5 11. Nge2 a6 12. Nc1 Nbd7 13. a4 Nh7 14. Be2 f5 15. exf5
gxf5 16. f4 Kh8 17. O-O Ndf6 18. Kh1 Ng4 19. Bg1 exf4 20. Qxf4 Be5 21. Bd4 Qf6
22. Bxe5 dxe5 23. Qd2 f4 24. Bxg4 hxg4 25. N1e2 Ng5 26. Rad1 Bd7 27. Qd3 Bf5
28. Qc4 Qh6 29. Qc7 Rae8 30. Kg1 Rf7 31. Qc5 Rh7 0-1

[Event "SG Ennepe-Ruhr-Süd 1 - SG Niederkassel "]
[Site "NRW-Klasse, Gruppe 2 2015/201"]
[Date "2015.11.22"]
[Round "3.1"]
[White "Wigger, Jochen"]
[Black "Lupor, Stefan"]
[Result "0-1"]
[WhiteElo "2287"]
[BlackElo "2220"]
[PlyCount "110"]
[EventDate "2015.??.??"]
[WhiteTeam "SG Niederkassel 1"]
[BlackTeam "SG Ennepe-Ruhr-Süd 1"]

1. c4 c6 2. Nc3 d5 3. e3 Nf6 4. Nf3 g6 5. b3 Bg7 6. Bb2 O-O 7. Be2 a6 8. O-O b5
9. Rc1 Bb7 10. Qc2 Nbd7 11. d4 Rc8 12. Rfd1 Re8 13. Qb1 Qa5 14. Ne5 e6 15. Nxd7
Nxd7 16. Bf3 Nf6 17. Ne2 Qb6 18. Nf4 a5 19. Nd3 Nd7 20. Qc2 bxc4 21. bxc4 Ba6
22. c5 Qc7 23. Rb1 Rb8 24. Be2 Bxd3 25. Bxd3 e5 26. Bf1 exd4 27. Bxd4 Bxd4 28.
exd4 Nf8 29. g3 Rxb1 30. Qxb1 Rb8 31. Qc1 Qe7 32. Qd2 Qf6 33. Bh3 a4 34. Qc3 h5
35. Re1 Nh7 36. Bg2 Ng5 37. h4 Ne6 38. Rd1 Rb5 39. Qd2 a3 40. Qe3 Rb2 41. Bh3
Rxa2 42. Rd3 Ra1+ 43. Kg2 a2 44. Ra3 Qxd4 45. Bxe6 Qxe3 46. Bxf7+ Kxf7 47. fxe3
Ke6 48. Ra4 Ke5 49. Kh2 Rc1 50. Rxa2 Rxc5 51. Kg2 Ke4 52. Kf2 Rc4 53. Ke2 c5
54. Ra6 Rc2+ 55. Kd1 Rg2 0-1

[Event "SG Ennepe-Ruhr-Süd 1 - SG Niederkassel "]
[Site "NRW-Klasse, Gruppe 2 2015/201"]
[Date "2015.11.22"]
[Round "3.2"]
[White "Lupor, André"]
[Black "Bussard, Christian"]
[Result "1/2-1/2"]
[WhiteElo "2160"]
[BlackElo "2121"]
[PlyCount "53"]
[EventDate "2015.??.??"]
[WhiteTeam "SG Ennepe-Ruhr-Süd 1"]
[BlackTeam "SG Niederkassel 1"]

1. Nf3 Nf6 2. c4 e6 3. Nc3 Bb4 4. Qc2 b6 5. a3 Bxc3 6. Qxc3 Bb7 7. e3 O-O 8.
Be2 d6 9. O-O Ne4 10. Qc2 Ng5 11. Nxg5 Qxg5 12. f3 Nd7 13. Rf2 f5 14. d3 Qe7
15. Bd2 e5 16. Bf1 e4 17. dxe4 fxe4 18. f4 Nf6 19. Be2 Rfd8 20. Bc3 Kh8 21.
Rff1 c5 22. Rfd1 d5 23. Be5 Nd7 24. Bc3 Nf6 25. Be5 Nd7 26. Bc3 Nf6 27. Be5
1/2-1/2

[Event "SG Ennepe-Ruhr-Süd 1 - SG Niederkassel "]
[Site "NRW-Klasse, Gruppe 2 2015/201"]
[Date "2015.11.22"]
[Round "3.3"]
[White "Schienmann, Bruno"]
[Black "Tripolsky, Eugen"]
[Result "1-0"]
[WhiteElo "2233"]
[BlackElo "2199"]
[PlyCount "107"]
[EventDate "2015.??.??"]
[WhiteTeam "SG Niederkassel 1"]
[BlackTeam "SG Ennepe-Ruhr-Süd 1"]

1. d4 Nf6 2. c4 g6 3. Nc3 Bg7 4. e4 O-O 5. f3 c5 6. d5 d6 7. Be3 e6 8. Qd2 exd5
9. cxd5 a6 10. a4 Re8 11. Nge2 Nbd7 12. Ng3 h5 13. Be2 h4 14. Nf1 Qa5 15. Bf4
Ne5 16. Ne3 b5 17. O-O b4 18. Ncd1 Qd8 19. Bg5 Nxe4 20. fxe4 Qxg5 21. Nf2 Bh6
22. Nfd1 Bg4 23. Qc2 b3 24. Qd2 Rab8 25. h3 Bxh3 26. Bxa6 Rb4 27. Bb5 Re7 28.
Ra3 Bc8 29. Qf2 h3 30. Qf6 hxg2 31. Nxg2 Bg4 32. Nc3 Rb7 33. Raa1 Bh3 34. Qxg5
Bxg5 35. Rf2 Kg7 36. Be2 Bxg2 37. Kxg2 Be3 38. Rff1 Bd4 39. Nb5 Bxb2 40. Rab1
Bd4 41. Nxd6 Ra7 42. Bb5 c4 43. Ne8+ Kf8 44. Rh1 Nd7 45. Nd6 c3 46. Rbf1 Nc5
47. Be8 Ke7 48. Nc8+ Kxe8 49. Nxa7 b2 50. Nc6 Rxa4 51. e5 Nd7 52. e6 fxe6 53.
dxe6 Rc4 54. Rh7 1-0

[Event "SG Ennepe-Ruhr-Süd 1 - SG Niederkassel "]
[Site "NRW-Klasse, Gruppe 2 2015/201"]
[Date "2015.11.22"]
[Round "3.4"]
[White "Arndt, Stefan"]
[Black "Rybarczyk, Klaus"]
[Result "0-1"]
[WhiteElo "2160"]
[BlackElo "2165"]
[PlyCount "98"]
[EventDate "2015.??.??"]
[WhiteTeam "SG Ennepe-Ruhr-Süd 1"]
[BlackTeam "SG Niederkassel 1"]

1. e4 c5 2. c3 d5 3. exd5 Nf6 4. d4 Nxd5 5. Bc4 e6 6. Nf3 cxd4 7. cxd4 Bb4+ 8.
Nbd2 O-O 9. O-O Nc6 10. Ne4 h6 11. a3 Ba5 12. b4 Bc7 13. Bb2 Nce7 14. Re1 b6
15. g3 Bb7 16. Qd3 a5 17. b5 Rc8 18. Ba2 Nf5 19. Rad1 Nf6 20. Nxf6+ Qxf6 21.
Ne5 Bxe5 22. dxe5 Qg5 23. Bb1 Rfd8 24. Qe2 Rxd1 25. Rxd1 Nh4 26. Be4 Bxe4 27.
Qxe4 Nf5 28. Rd7 h5 29. h4 Qg6 30. Qd3 Rc5 31. Kh2 Qg4 32. Bd4 Rc1 33. Be3 Re1
34. Bxb6 g6 35. Bd8 Ne3 36. Qxe3 Rxe3 37. Bf6 g5 38. Rd8+ Kh7 39. Rh8+ Kg6 40.
Rg8+ Kf5 41. Rxg5+ Qxg5 42. Bxg5 Rxa3 43. Be3 Rb3 44. b6 Kxe5 45. g4 hxg4 46.
h5 Kf6 47. Kg3 Kg7 48. Kxg4 f6 49. Kf3 a4 0-1

[Event "SG Ennepe-Ruhr-Süd 1 - SG Niederkassel "]
[Site "NRW-Klasse, Gruppe 2 2015/201"]
[Date "2015.11.22"]
[Round "3.5"]
[White "Stanetzek, Carsten"]
[Black "Bruchmann, Norbert"]
[Result "1/2-1/2"]
[WhiteElo "2164"]
[BlackElo "2047"]
[PlyCount "81"]
[EventDate "2015.??.??"]
[WhiteTeam "SG Niederkassel 1"]
[BlackTeam "SG Ennepe-Ruhr-Süd 1"]

1. e4 e6 2. d4 d5 3. exd5 exd5 4. Nf3 Nc6 5. Bd3 Bg4 6. c3 Bd6 7. O-O Nge7 8.
Re1 Qd7 9. Nbd2 O-O 10. Nf1 Rae8 11. Bd2 Bf5 12. Bb5 a6 13. Be2 f6 14. Ne3 Be4
15. Nh4 g5 16. f3 Bg6 17. Nxg6 hxg6 18. Qb3 Kg7 19. Nf1 Nd8 20. Bd3 c6 21. Re2
Nf5 22. Rae1 Rxe2 23. Rxe2 Nh4 24. Qd1 b5 25. a4 Bc7 26. axb5 axb5 27. Qe1 Rf7
28. f4 Qg4 29. Qg3 Qxg3 30. hxg3 Nf5 31. fxg5 Nxg3 32. gxf6+ Kxf6 33. Rf2+ Kg7
34. Nxg3 Bxg3 35. Rf3 Bd6 36. Bg5 Rxf3 37. gxf3 Ne6 38. Be3 Kf6 39. Kf2 Bf4 40.
Bf1 g5 41. Bh3 1/2-1/2

[Event "SG Ennepe-Ruhr-Süd 1 - SG Niederkassel "]
[Site "NRW-Klasse, Gruppe 2 2015/201"]
[Date "2015.11.22"]
[Round "3.6"]
[White "Osswald, Luis Monty"]
[Black "Broehl, Stephan"]
[Result "0-1"]
[WhiteElo "2010"]
[BlackElo "2086"]
[PlyCount "78"]
[EventDate "2015.??.??"]
[WhiteTeam "SG Ennepe-Ruhr-Süd 1"]
[BlackTeam "SG Niederkassel 1"]

1. e4 c6 2. Nc3 d5 3. Nf3 dxe4 4. Nxe4 Nf6 5. Nxf6+ exf6 6. d4 Bd6 7. Be2 O-O
8. Be3 Re8 9. Qd3 Na6 10. a3 Nc7 11. c4 Be6 12. O-O Qd7 13. Rfe1 Bf5 14. Qd2
Be4 15. Nh4 h6 16. Bd3 f5 17. f3 Bxd3 18. Qxd3 f4 19. Bf2 b5 20. b3 Rxe1+ 21.
Bxe1 Rd8 22. Qe4 Re8 23. Qc2 Bxa3 24. Bf2 Be7 25. Nf5 a6 26. Re1 Bf8 27. Rxe8
Nxe8 28. d5 cxd5 29. c5 g6 30. Nd4 Qc7 31. b4 Qe5 32. Qa2 Nc7 33. h4 Be7 34.
Qa5 Bxh4 35. Bxh4 Qxd4+ 36. Bf2 Qe5 37. Qb6 d4 38. Qd6 Qxd6 39. cxd6 Ne6 0-1

[Event "SG Ennepe-Ruhr-Süd 1 - SG Niederkassel "]
[Site "NRW-Klasse, Gruppe 2 2015/201"]
[Date "2015.11.22"]
[Round "3.7"]
[White "Riedel, Holger"]
[Black "Heller, Achim"]
[Result "0-1"]
[WhiteElo "2145"]
[BlackElo "1953"]
[PlyCount "98"]
[EventDate "2015.??.??"]
[WhiteTeam "SG Niederkassel 1"]
[BlackTeam "SG Ennepe-Ruhr-Süd 1"]

1. d4 d5 2. Nf3 Nf6 3. e3 e6 4. Bd3 c5 5. b3 b6 6. Bb2 Ba6 7. O-O Bxd3 8. cxd3
Be7 9. Nc3 Nc6 10. dxc5 bxc5 11. d4 O-O 12. Rc1 cxd4 13. Nxd4 Nxd4 14. Qxd4 Qb6
15. Na4 Qa5 16. Rc6 Rfc8 17. Bc3 Qd8 18. Rxc8 Qxc8 19. Rc1 Qd8 20. Bb2 Ne8 21.
Qd3 Rc8 22. Qb5 Rxc1+ 23. Bxc1 Qc8 24. Bd2 Nf6 25. Nc3 Bd6 26. h3 Be5 27. f3 h6
28. Qd3 Qc5 29. Kf2 Nh5 30. Ne2 Qc7 31. Bc3 Bd6 32. b4 Be7 33. g3 Nf6 34. Bxf6
Bxf6 35. a4 Be7 36. b5 h5 37. f4 Bb4 38. f5 Qe5 39. fxe6 Qf6+ 40. Kg2 fxe6 41.
Qd4 Qxd4 42. Nxd4 Kf7 43. Nc6 Bc5 44. Nxa7 Bxa7 45. a5 Bxe3 46. Kf3 Bd4 47. Kf4
e5+ 48. Kf3 Ke6 49. Ke2 e4 0-1

[Event "SG Ennepe-Ruhr-Süd 1 - SG Niederkassel "]
[Site "NRW-Klasse, Gruppe 2 2015/201"]
[Date "2015.11.22"]
[Round "3.8"]
[White "Garweg, Udo"]
[Black "Freundlieb, Thomas"]
[Result "1-0"]
[WhiteElo "1941"]
[BlackElo "1979"]
[PlyCount "113"]
[EventDate "2015.??.??"]
[WhiteTeam "SG Ennepe-Ruhr-Süd 1"]
[BlackTeam "SG Niederkassel 1"]

1. e4 d6 2. d4 Nf6 3. Nc3 e5 4. Nf3 Nbd7 5. Bc4 Be7 6. O-O O-O 7. h3 c6 8. a4
exd4 9. Nxd4 d5 10. exd5 Nb6 11. Bd3 Nbxd5 12. Nxd5 Nxd5 13. c3 Bf6 14. Nf3 Re8
15. Qc2 g6 16. Bh6 Bg7 17. Bxg7 Kxg7 18. Rfe1 Be6 19. Nd4 Qf6 20. Nxe6+ Rxe6
21. Rxe6 Qxe6 22. Bc4 Rd8 23. Qb3 Rd7 24. Rd1 Qf5 25. Bxd5 cxd5 26. Qb4 Qe5 27.
Qd4 Qxd4 28. Rxd4 Kf6 29. Kf1 Ke6 30. Ke2 a5 31. Rd3 Rc7 32. Re3+ Kd6 33. Kd3
Kc5 34. Re8 h5 35. g3 b6 36. b3 Rc6 37. h4 Rc7 38. f4 Rc6 39. Re5 f6 40. Re8 f5
41. Re5 Rd6 42. Re7 Rc6 43. Re8 Rf6 44. Rc8+ Kd6 45. b4 axb4 46. cxb4 Re6 47.
Rg8 Kc6 48. Rg7 Kd6 49. Rg8 Ke7 50. Rb8 Kf7 51. Rb7+ Kf8 52. a5 bxa5 53. bxa5
d4 54. Kxd4 Re4+ 55. Kc5 Ra4 56. Kb5 Ra1 57. a6 1-0

[Event "SV Sundern 1 - SF Lieme 1"]
[Site "NRW-Klasse, Gruppe 2 2015/201"]
[Date "2015.11.22"]
[Round "3.1"]
[White "Himpenmacher, Andy"]
[Black "Voiteanu, Christian Gabriel"]
[Result "1/2-1/2"]
[WhiteElo "2179"]
[BlackElo "2250"]
[PlyCount "81"]
[EventDate "2015.??.??"]
[WhiteTeam "SF Lieme 1"]
[BlackTeam "SV Sundern 1"]

1. e4 e5 2. Nf3 Nf6 3. Nxe5 d6 4. Nf3 Nxe4 5. Bd3 Nf6 6. O-O Be7 7. Re1 O-O 8.
c3 b6 9. Bc2 Bb7 10. d4 Nbd7 11. Bg5 Re8 12. Nbd2 g6 13. Ne4 Nxe4 14. Bxe4 Bxe4
15. Rxe4 Bxg5 16. Rxe8+ Qxe8 17. Nxg5 Qe7 18. Nf3 Nf6 19. Qd2 Ne4 20. Qe2 d5
21. Re1 Re8 22. Qb5 Qd8 23. Re3 Re6 24. Qa4 Ng5 25. Ne5 a5 26. Qb5 Qd6 27. g3
h5 28. h4 f6 29. hxg5 fxe5 30. dxe5 Rxe5 31. Rxe5 Qxe5 32. Qd7 Qe1+ 33. Kg2
Qe4+ 34. Kg1 Qe1+ 35. Kg2 Qe4+ 36. Kg1 Qe5 37. Qd8+ Kg7 38. Qd7+ Kf8 39. Qd8+
Kg7 40. Qd7+ Kf8 41. Qd8+ 1/2-1/2

[Event "SV Sundern 1 - SF Lieme 1"]
[Site "NRW-Klasse, Gruppe 2 2015/201"]
[Date "2015.11.22"]
[Round "3.2"]
[White "Stolte, Alexander"]
[Black "Schmitz, Philipp"]
[Result "1/2-1/2"]
[WhiteElo "2168"]
[BlackElo "2143"]
[PlyCount "46"]
[EventDate "2015.??.??"]
[WhiteTeam "SV Sundern 1"]
[BlackTeam "SF Lieme 1"]

1. c4 Nf6 2. g3 c6 3. Bg2 d5 4. Nf3 g6 5. b3 Bg7 6. Bb2 Qb6 7. O-O dxc4 8. Na3
cxb3 9. Nc4 Qd8 10. axb3 O-O 11. Nfe5 Nfd7 12. Nxd7 Nxd7 13. Bxg7 Kxg7 14. d4
Nb6 15. Qd2 Be6 16. Qc3 Kg8 17. e4 Nxc4 18. bxc4 Qd7 19. d5 Bh3 20. dxc6 bxc6
21. Rfd1 Qe6 22. Bxh3 Qxh3 23. Qe5 Qg4 1/2-1/2

[Event "SV Sundern 1 - SF Lieme 1"]
[Site "NRW-Klasse, Gruppe 2 2015/201"]
[Date "2015.11.22"]
[Round "3.3"]
[White "Wittke, Rene"]
[Black "Plass, Heinz"]
[Result "1-0"]
[WhiteElo "2183"]
[BlackElo "2054"]
[Annotator "Hausrath,Daniel"]
[PlyCount "73"]
[EventDate "2015.??.??"]
[WhiteTeam "SF Lieme 1"]
[BlackTeam "SV Sundern 1"]

1. e4 c5 2. d4 cxd4 3. c3 Nf6 4. e5 Nd5 5. Qxd4 e6 6. Nf3 Nc6 7. Qe4 d6 8. Bb5
Bd7 9. c4 Nb6 10. exd6 Bxd6 11. O-O a6 12. Rd1 Qc7 13. Nc3 Ne7 14. c5 Bxc5 15.
Bf4 Qc8 16. Bxd7+ Nxd7 17. Rac1 Nc6 18. Na4 Be7 $11 19. Ne5 Nf6 20. Qe3 Nd5 21.
Rxd5 exd5 22. Nxc6 bxc6 23. Nb6 d4 24. Qe5 f6 25. Qe4 Qb7 26. Nxa8 Qxa8 27. Bd6
Qd8 28. Qxc6+ Kf7 29. Qd5+ Kg6 30. g4 h5 31. Qf5+ Kf7 32. Bxe7 Qxe7 33. g5 g6
34. Qd5+ Kg7 35. Qxd4 Rd8 36. gxf6+ Qxf6 37. Rc7+ 1-0

[Event "SV Sundern 1 - SF Lieme 1"]
[Site "NRW-Klasse, Gruppe 2 2015/201"]
[Date "2015.11.22"]
[Round "3.4"]
[White "Plass, Mariana-Camelia"]
[Black "Schaffarczyk, Andre"]
[Result "0-1"]
[WhiteElo "2003"]
[BlackElo "2090"]
[PlyCount "50"]
[EventDate "2015.??.??"]
[WhiteTeam "SV Sundern 1"]
[BlackTeam "SF Lieme 1"]

1. d4 d5 2. c4 e6 3. g3 Nf6 4. Bg2 Be7 5. Nf3 O-O 6. O-O c6 7. Qc2 Nbd7 8. Nbd2
b6 9. e4 Bb7 10. e5 Ne8 11. cxd5 cxd5 12. Re1 Rc8 13. Qa4 a5 14. Bf1 Nb8 15.
Bd3 Ba6 16. Bb1 Nc6 17. a3 Qd7 18. Qd1 f6 19. exf6 Bxf6 20. Nf1 Nxd4 21. Nxd4
Rxc1 22. Qxc1 Bxd4 23. Ne3 Qb5 24. Nd1 Nd6 25. Rxe6 Qf1# 0-1

[Event "SV Sundern 1 - SF Lieme 1"]
[Site "NRW-Klasse, Gruppe 2 2015/201"]
[Date "2015.11.22"]
[Round "3.5"]
[White "Stork, Holger"]
[Black "Tillmann, Markus"]
[Result "1/2-1/2"]
[WhiteElo "2044"]
[BlackElo "2095"]
[Annotator "Hausrath,Daniel"]
[PlyCount "113"]
[EventDate "2015.??.??"]
[WhiteTeam "SF Lieme 1"]
[BlackTeam "SV Sundern 1"]

1. e4 c5 2. Nf3 e6 3. d3 d5 4. Qe2 Nc6 5. g3 Nf6 6. Bg2 Be7 7. O-O O-O 8. e5
Ne8 9. c4 Nc7 10. Nc3 a6 11. h4 b5 12. b3 Rb8 13. Bg5 Nd4 14. Nxd4 cxd4 15.
Bxe7 Qxe7 16. Nb1 bxc4 17. dxc4 dxc4 18. Qxc4 Rb4 19. Qe2 a5 20. Be4 Ba6 21.
Bd3 Bb7 22. Nd2 f5 23. exf6 Qxf6 24. Qh5 g6 25. Qxa5 Nd5 26. f4 Ra8 27. Qc5 Rc8
28. Qd6 Rb6 29. Qd7 Rd8 30. Qa4 $11 Ne3 31. Rf2 Nf5 32. Kh2 Nxh4 33. Qa5 Rbd6
34. Qe5 Qe7 35. f5 Qg5 36. Ne4 Bxe4 37. Bxe4 gxf5 38. gxh4 Qxh4+ 39. Kg1 Qxe4
40. Rg2+ Kf7 41. Rg7+ Ke8 42. Rg8+ Kd7 43. Rxd8+ Kxd8 44. Qxd6+ Ke8 45. Qb8+
Kf7 46. Qc7+ Kf6 47. Qd8+ Kf7 48. Qc7+ Kf6 49. Rc1 f4 50. Qd8+ Kg6 51. Qg8+ Kf6
52. Rc8 Qb1+ 53. Kh2 Qxa2+ 54. Kh1 Qf2 55. Rf8+ Ke5 56. Qg5+ Ke4 57. Re8
1/2-1/2

[Event "SV Sundern 1 - SF Lieme 1"]
[Site "NRW-Klasse, Gruppe 2 2015/201"]
[Date "2015.11.22"]
[Round "3.6"]
[White "Schulte, Josef"]
[Black "Niermann, Tristan"]
[Result "0-1"]
[WhiteElo "1888"]
[BlackElo "1995"]
[PlyCount "74"]
[EventDate "2015.??.??"]
[WhiteTeam "SV Sundern 1"]
[BlackTeam "SF Lieme 1"]

1. d4 d5 2. c4 c6 3. Nf3 Nf6 4. Nc3 dxc4 5. a4 Bf5 6. Ne5 Nbd7 7. Nxc4 Qc7 8.
f3 e5 9. e4 exd4 10. Qxd4 Be6 11. Qf2 Bc5 12. Be3 Bb4 13. Qg3 Qxg3+ 14. hxg3
Nc5 15. Kf2 O-O-O 16. Na2 Nb3 17. Rb1 Bc5 18. Bxc5 Nxc5 19. Nc3 Rd4 20. e5 Ng4+
21. fxg4 Bxc4 22. Rh4 Bxf1 23. Kxf1 Nxa4 24. g5 Nxc3 25. bxc3 Rxh4 26. gxh4 Re8
27. Re1 Kd7 28. Kf2 Ke6 29. Kf3 Rd8 30. Re3 Rd5 31. Kf4 a5 32. Re4 b5 33. c4
Rc5 34. Kg3 b4 35. h5 b3 36. h6 gxh6 37. gxh6 b2 0-1

[Event "SV Sundern 1 - SF Lieme 1"]
[Site "NRW-Klasse, Gruppe 2 2015/201"]
[Date "2015.11.22"]
[Round "3.8"]
[White "Schober, Ralf"]
[Black "Langenhop, Lars"]
[Result "1-0"]
[WhiteElo "1964"]
[BlackElo "1911"]
[PlyCount "101"]
[EventDate "2015.??.??"]
[WhiteTeam "SV Sundern 1"]
[BlackTeam "SF Lieme 1"]

1. d4 Nf6 2. Nf3 g6 3. Nc3 Bg7 4. e4 d6 5. Be3 O-O 6. h3 a5 7. Qd2 c6 8. Bh6 b5
9. Bxg7 Kxg7 10. e5 dxe5 11. dxe5 Qxd2+ 12. Nxd2 Ne8 13. a4 b4 14. Nce4 Bf5 15.
Bd3 Nc7 16. g4 Be6 17. O-O Nd7 18. f4 Bd5 19. Nb3 Nb6 20. Nbc5 Rfd8 21. b3 Nd7
22. Nxd7 Rxd7 23. Nc5 Rdd8 24. f5 gxf5 25. gxf5 Kh8 26. Kf2 Rg8 27. Rg1 Rxg1
28. Rxg1 Rg8 29. Rxg8+ Kxg8 30. Nb7 Kg7 31. Kg3 Kh6 32. Nxa5 f6 33. exf6 exf6
34. Nb7 Kg7 35. Nc5 Kf7 36. Kg4 Ke7 37. Na6 Nxa6 38. Bxa6 Kd6 39. Kf4 Kc5 40.
Ke3 Bg2 41. h4 Bd5 42. Bd3 Bf7 43. a5 Bd5 44. a6 Kb6 45. Kd4 Bf7 46. Bc4 c5+
47. Ke4 Be8 48. Kd5 Bd7 49. Bd3 Bc8 50. Kd6 h6 51. Ke7 1-0

[Event "SK Herne-Sodingen 1 - SG Bochum 2 (NRW-"]
[Site "Gruppe 2 2015/2"]
[Date "2015.11.22"]
[Round "3"]
[White "Becker, Jörg"]
[Black "Mazarov, Jürgen"]
[Result "1/2-1/2"]
[WhiteElo "2151"]
[BlackElo "2068"]
[PlyCount "41"]
[EventDate "2015.??.??"]

1. d4 d5 2. Nf3 Nf6 3. Bg5 Ne4 4. Bf4 e6 5. e3 Bd6 6. c3 O-O 7. Nbd2 f5 8. Bxd6
Qxd6 9. Ne5 Nd7 10. f4 Nxe5 11. dxe5 Qb6 12. Nxe4 Qxe3+ 13. Qe2 Qxe4 14. Qxe4
fxe4 15. g3 Bd7 16. h4 Kf7 17. Rd1 Ke7 18. Kf2 c5 19. Ke3 Rfd8 20. Rh2 Be8 21.
Rhd2 1/2-1/2

[Event "SK Herne-Sodingen 1 - SG Bochum 2 (NRW-"]
[Site "Gruppe 2 2015/2"]
[Date "2015.11.22"]
[Round "3"]
[White "Böhnke, Martin"]
[Black "Dahm, Jochen"]
[Result "0-1"]
[WhiteElo "2111"]
[BlackElo "2199"]
[PlyCount "100"]
[EventDate "2015.??.??"]

1. Nf3 Nf6 2. g3 g6 3. Bg2 Bg7 4. O-O O-O 5. d4 d6 6. c4 c6 7. Nc3 Qa5 8. h3 e5
9. e4 Nbd7 10. Be3 exd4 11. Nxd4 Nb6 12. Qd3 Qa6 13. b3 d5 14. exd5 Nbxd5 15.
Rad1 Nxe3 16. Qxe3 Re8 17. Qd2 Qa5 18. Nd5 Qd8 19. Ne3 Qb6 20. Qc2 Nd7 21. Nf3
Nc5 22. Rfe1 Be6 23. Ng5 a5 24. Nxe6 Rxe6 25. Ng4 h5 26. Rxe6 Nxe6 27. Nh2 Bd4
28. Nf3 Rd8 29. Nxd4 Rxd4 30. Rxd4 Qxd4 31. h4 Nc5 32. Bf1 Kg7 33. a3 Ne4 34.
Kg2 c5 35. Bd3 Nf6 36. Qe2 Ng4 37. Be4 Nxf2 38. Bxb7 Ng4 39. Bf3 Ne3+ 40. Kh3
f5 41. Qe1 f4 42. Qxa5 Qd7+ 43. Kh2 fxg3+ 44. Kg1 Qd4 45. Qc7+ Kf6 46. Qxg3
Nf5+ 47. Qf2 Qa1+ 48. Kg2 Qxa3 49. Bd1 Qc1 50. Bc2 Qxc2 0-1

[Event "SK Herne-Sodingen 1 - SG Bochum 2 (NRW-"]
[Site "Gruppe 2 2015/2"]
[Date "2015.11.22"]
[Round "3"]
[White "Evertz, Dieter"]
[Black "Zeldin, Vitali"]
[Result "0-1"]
[WhiteElo "2011"]
[BlackElo "1986"]
[PlyCount "80"]
[EventDate "2015.??.??"]

1. e4 c5 2. f4 d6 3. Nc3 Nc6 4. Bb5 Bd7 5. Bxc6 Bxc6 6. d4 cxd4 7. Qxd4 Nf6 8.
Nf3 g6 9. Be3 Bg7 10. O-O-O O-O 11. Qd3 Qa5 12. Nd4 Rfc8 13. f5 Bd7 14. Rhf1
Ng4 15. Nb3 Qd8 16. Bg5 Ne5 17. Qg3 Bc6 18. Qh4 f6 19. Be3 Nc4 20. Bg1 b5 21.
Nd4 Qa5 22. Nb3 Qc7 23. Nd4 b4 24. Nce2 g5 25. Qg4 Ne5 26. Qg3 Bxe4 27. Qb3+
Qc4 28. Qxc4+ Rxc4 29. b3 Rcc8 30. Be3 Bxg2 31. Rg1 Be4 32. Rd2 a5 33. Kd1 a4
34. Rg3 axb3 35. cxb3 h5 36. Bxg5 fxg5 37. Rxg5 Kf7 38. Rxh5 Nf3 39. Nxf3 Bxf3
40. Rh3 Be4 0-1

[Event "SK Herne-Sodingen 1 - SG Bochum 2 (NRW-"]
[Site "Gruppe 2 2015/2"]
[Date "2015.11.22"]
[Round "3"]
[White "Kitte, Sebastian"]
[Black "Hille, Ralph Ingo"]
[Result "0-1"]
[WhiteElo "2190"]
[BlackElo "2043"]
[PlyCount "90"]
[EventDate "2015.??.??"]

1. e4 b6 2. d4 Bb7 3. Bd3 e6 4. Nf3 Nf6 5. Qe2 c5 6. c3 Be7 7. O-O Nc6 8. a3
Na5 9. Nbd2 c4 10. Bc2 Qc7 11. Re1 b5 12. Nf1 O-O 13. Bg5 d6 14. Ng3 Ne8 15.
Bxe7 Qxe7 16. e5 Bd5 17. a4 b4 18. cxb4 Nc6 19. Rad1 Nxb4 20. Bb1 Rd8 21. Nd2
dxe5 22. Nxc4 exd4 23. Rxd4 Nc6 24. Rg4 f5 25. Rf4 g5 26. Rf3 Nd4 27. Qe5 Nxf3+
28. gxf3 Qf6 29. Nh5 Qxe5 30. Nxe5 Nf6 31. Nxf6+ Rxf6 32. Rc1 Rff8 33. Bd3 Rc8
34. Rb1 Bb3 35. Ra1 Rfd8 36. Bb5 Rc7 37. Ra3 Rd1+ 38. Kg2 Bd5 39. Re3 Kg7 40.
Nd3 Kf6 41. b4 g4 42. Ne5 Rb1 43. Kg3 gxf3 44. Nxf3 Rg7+ 45. Kh3 Rxb4 0-1

[Event "SK Herne-Sodingen 1 - SG Bochum 2 (NRW-"]
[Site "Gruppe 2 2015/2"]
[Date "2015.11.22"]
[Round "3"]
[White "Kotainy, Jens"]
[Black "Tomaszewski, Roman"]
[Result "1-0"]
[WhiteElo "2326"]
[BlackElo "2238"]
[PlyCount "53"]
[EventDate "2015.??.??"]

1. e4 c6 2. c4 d5 3. exd5 cxd5 4. cxd5 Qxd5 5. Nc3 Qd6 6. Nf3 Nf6 7. d4 e6 8.
Bc4 a6 9. O-O b5 10. Bb3 Nbd7 11. d5 b4 12. Na4 e5 13. Re1 Be7 14. Qe2 O-O 15.
Nxe5 Nxe5 16. Qxe5 Qxe5 17. Rxe5 Bd6 18. Re1 Rb8 19. Be3 Rb5 20. Nb6 Ng4 21.
Ba4 Ra5 22. Nxc8 Bxh2+ 23. Kh1 Rxa4 24. Ne7+ Kh8 25. g3 h5 26. Kg2 Rd8 27. b3
1-0

[Event "SK Herne-Sodingen 1 - SG Bochum 2 (NRW-"]
[Site "Gruppe 2 2015/2"]
[Date "2015.11.22"]
[Round "3"]
[White "Zeldin, Leonid"]
[Black "Müller, Frank"]
[Result "1/2-1/2"]
[WhiteElo "2036"]
[BlackElo "2002"]
[PlyCount "25"]
[EventDate "2015.??.??"]

1. e4 c5 2. Nf3 e6 3. c3 Nf6 4. e5 Nd5 5. d4 cxd4 6. cxd4 d6 7. Bd3 Nc6 8. a3
Be7 9. O-O O-O 10. Nc3 Nxc3 11. bxc3 dxe5 12. dxe5 b6 13. Qe2 1/2-1/2

[Event "SV Sundern 1 - SF Lieme 1"]
[Site "NRW-Klasse, Gruppe 2 2015/201"]
[Date "2015.11.22"]
[Round "3.7"]
[White "Essing, Arnold"]
[Black "Kevekordes, Peter"]
[Result "1/2-1/2"]
[WhiteElo "2198"]
[BlackElo "1869"]
[PlyCount "32"]
[EventDate "2015.??.??"]
[WhiteTeam "SF Lieme 1"]
[BlackTeam "SV Sundern 1"]

1. d4 d5 2. Nf3 c6 3. c4 dxc4 4. e3 b5 5. a4 e6 6. axb5 cxb5 7. b3 Bb4+ 8. Bd2
Bxd2+ 9. Nbxd2 a5 10. bxc4 b4 11. c5 Nf6 12. Bb5+ Bd7 13. Bxd7+ Nbxd7 14. e4
O-O 15. O-O Qe7 16. Qc2 e5 1/2-1/2

[Event "SK Münster 1 - SV Wattenscheid 1"]
[Site "Oberliga NRW 2015/2016"]
[Date "2015.12.20"]
[Round "4.1"]
[White "Kerigan, Demre"]
[Black "Webb, Laurence"]
[Result "1-0"]
[WhiteElo "2386"]
[BlackElo "2261"]
[PlyCount "89"]
[EventDate "2015.??.??"]
[WhiteTeam "SV Wattenscheid 1"]
[BlackTeam "SK Münster 1"]

1. e4 e6 2. d4 d5 3. Nd2 Nf6 4. e5 Ne4 5. Bd3 Nxd2 6. Bxd2 c5 7. c3 Nc6 8. Nf3
Qb6 9. dxc5 Qc7 10. Be3 Nxe5 11. Nxe5 Qxe5 12. Bb5+ Ke7 13. O-O f6 14. Qa4 Qc7
15. Rad1 Bd7 16. c4 Bxb5 17. Qxb5 Qc6 18. Qb3 dxc4 19. Qxc4 Kf7 20. b4 a6 21.
Rfe1 Be7 22. Bf4 Rhd8 23. h3 Rxd1 24. Rxd1 Rd8 25. Rxd8 Bxd8 26. Qd3 Bc7 27.
Bxc7 Qxc7 28. Qxh7 Qe5 29. Qb1 Qc3 30. Qe4 Kf8 31. g3 a5 32. Qxb7 axb4 33. c6
Qe1+ 34. Kg2 Qe4+ 35. Kh2 Kg8 36. Qb6 Qc2 37. c7 Kf7 38. h4 f5 39. h5 Kf6 40.
Qd4+ Kf7 41. Qd7+ Kf6 42. Qd8+ Ke5 43. c8=Q Qxf2+ 44. Kh3 g5 45. Qb8+ 1-0

[Event "SK Münster 1 - SV Wattenscheid 1"]
[Site "Oberliga NRW 2015/2016"]
[Date "2015.12.20"]
[Round "4.2"]
[White "Chilla, Jan Eric"]
[Black "Hopman, Pieter"]
[Result "0-1"]
[WhiteElo "2224"]
[BlackElo "2319"]
[PlyCount "80"]
[EventDate "2015.??.??"]
[WhiteTeam "SK Münster 1"]
[BlackTeam "SV Wattenscheid 1"]

1. d4 d6 2. c4 e5 3. Nc3 exd4 4. Qxd4 Nc6 5. Qd2 Nf6 6. b3 a5 7. Bb2 a4 8. Rd1
axb3 9. axb3 Be7 10. g3 O-O 11. Bg2 Bf5 12. e4 Bg4 13. f3 Be6 14. Nge2 Nd7 15.
Nd5 Bxd5 16. exd5 Nce5 17. f4 Ng4 18. h3 Nh6 19. O-O Nc5 20. Nd4 Qd7 21. Rfe1
Rfe8 22. Qc2 Bf6 23. Bc3 Rxe1+ 24. Rxe1 Re8 25. Rxe8+ Qxe8 26. Kf2 g6 27. Bf3
Bxd4+ 28. Bxd4 Nf5 29. Bxc5 dxc5 30. Qd3 Qe7 31. h4 Qf6 32. Kg2 Qb2+ 33. Kh3
Qf2 34. Bg2 h5 35. Qf3 Qe1 36. Qd3 Ne3 37. Qe4 Qg1 38. Qe8+ Kg7 39. Qe5+ Kh7
40. Qb2 Ng4 0-1